<?xml version="1.0" encoding="UTF-8"?><?xml-stylesheet type="text/xsl" href="static/style.xsl"?><OAI-PMH xmlns="http://www.openarchives.org/OAI/2.0/" xmlns:xsi="http://www.w3.org/2001/XMLSchema-instance" xsi:schemaLocation="http://www.openarchives.org/OAI/2.0/ http://www.openarchives.org/OAI/2.0/OAI-PMH.xsd"><responseDate>2026-04-27T20:01:36Z</responseDate><request verb="GetRecord" identifier="oai:uvadoc.uva.es:10324/141" metadataPrefix="marc">https://uvadoc.uva.es/oai/request</request><GetRecord><record><header><identifier>oai:uvadoc.uva.es:10324/141</identifier><datestamp>2021-09-28T08:50:07Z</datestamp><setSpec>com_10324_30605</setSpec><setSpec>com_10324_894</setSpec><setSpec>col_10324_41</setSpec></header><metadata><record xmlns="http://www.loc.gov/MARC21/slim" xmlns:doc="http://www.lyncode.com/xoai" xmlns:xsi="http://www.w3.org/2001/XMLSchema-instance" xmlns:dcterms="http://purl.org/dc/terms/" xsi:schemaLocation="http://www.loc.gov/MARC21/slim http://www.loc.gov/standards/marcxml/schema/MARC21slim.xsd">
<leader>00925njm 22002777a 4500</leader>
<datafield tag="042" ind1=" " ind2=" ">
<subfield code="a">dc</subfield>
</datafield>
<datafield tag="720" ind1=" " ind2=" ">
<subfield code="a">Bonilla Morte, Luis Miguel</subfield>
<subfield code="e">author</subfield>
</datafield>
<datafield tag="260" ind1=" " ind2=" ">
<subfield code="c">2006</subfield>
</datafield>
<datafield tag="520" ind1=" " ind2=" ">
<subfield code="a">En el siglo XIX tuvo una influencia decisiva en la configuración de la riqueza forestal de Soria y su tierra. Se produjeron cambios en el patrimonio colectivo tanto en la propiedad como en la gestión de los montes. El continuo deterioro de los terrenos forestales, se plasmó en la pérdida de propiedades tras la desamortización y en la proliferación de los fenómenos de depredación forestal reflejados en los incendios provocados, las talas fraudulentas, y las usurpaciones de propiedad. Frente a esta situación resultó fundamental la implantación de la política forestal en la tierra de Soria, cuyo principal exponente fue la labor desarrollada por los profesionales forestales en general y dentro de ellos destacó el trabajo de los ingenieros de montes, centrados en la lucha contra los abusos y la adaptación de los sistemas de aprovechamiento incorporando criterios científicos en la gestión</subfield>
</datafield>
<datafield tag="024" ind2=" " ind1="8">
<subfield code="a">http://uvadoc.uva.es/handle/10324/141</subfield>
</datafield>
<datafield tag="024" ind2=" " ind1="8">
<subfield code="a">b1489747</subfield>
</datafield>
<datafield tag="024" ind2=" " ind1="8">
<subfield code="a">10.35376/10324/141</subfield>
</datafield>
<datafield ind1=" " ind2=" " tag="653">
<subfield code="a">Bosques y silvicultura - España - Soria - Historia - Siglo XIX</subfield>
</datafield>
<datafield ind1=" " ind2=" " tag="653">
<subfield code="a">Bosques - Gestión - España - Soria - Siglo XIX</subfield>
</datafield>
<datafield ind1=" " ind2=" " tag="653">
<subfield code="a">Bosques - Incendios - España - Soria - Siglo XIX</subfield>
</datafield>
<datafield tag="245" ind1="0" ind2="0">
<subfield code="a">Historia forestal de la ciudad y tierra de Soria en el siglo XIX</subfield>
</datafield>
</record></metadata></record></GetRecord></OAI-PMH>